| 000 | 00884nam a2200241Ia 4500 | ||
|---|---|---|---|
| 999 |
_c44433 _d44433 |
||
| 003 | GCL | ||
| 005 | 20240530104055.0 | ||
| 008 | 140319s9999 xx 000 0 ara d | ||
| 040 |
_aGCL / _cGCL |
||
| 082 | 0 | 4 |
_a327.1011 _bخ ا |
| 100 | 1 | _aخضر ، بشارة | |
| 245 | 1 | 0 |
_aاوربا فى مواجهة الجنوب :العلاقات مع العالمين العربى والفريقى / _cخضر بشارة ( واخ ... ) ؛ سمير امين (تقديم) |
| 300 |
_a304 ص. ؛ _c20 سم. |
||
| 490 |
_aسلسلة المتوسط فى السياسة الدولية _v0 |
||
| 650 | 0 | 4 | _aالعالم العربى |
| 650 | 0 | 4 | _aالسياسة الدولية |
| 650 | 0 | 4 | _aالتنمية الاقتصادية |
| 650 | 0 | 4 | _aالعلاقات الخارجية |
| 650 | 0 | 4 | _aاوربا |
| 700 | 1 | _aاديب نعمة | |
| 700 | 1 | _aكابرون، ميشال | |
| 942 |
_2ddc _cBK |
||